Comunicación y educación en la sociedad de la información: nuevos lenguajes y conciencia crítica
Furkejuvvon:
| Váldodahkki: | |
|---|---|
| Materiálatiipa: | Girji |
| Giella: | espánnjágiella |
| Almmustuhtton: |
Barcelona
Paidós
2000
|
| Ráidu: | Papeles de Comunicación, 27
|
| Fáttát: | |
| Fáddágilkorat: |
Lasit fáddágilkoriid
Eai fáddágilkorat, Lasit vuosttaš fáddágilkora!
|
MARC
| LEADER | 00000nam a2200000 a 4500 | ||
|---|---|---|---|
| 001 | UCI7313 | ||
| 003 | CL-VaPUC | ||
| 008 | 080626e20000000SP |||||||||||||||||spa|d | ||
| 020 | |a 844930850X | ||
| 082 | 0 | 4 | |a 302 |b PER |2 21 |
| 100 | 0 | |a Pérez Tornero, José Manuel |e author |9 530524 | |
| 245 | 1 | 0 | |a Comunicación y educación en la sociedad de la información: nuevos lenguajes y conciencia crítica |
| 300 | |a 253 p | ||
| 942 | |c BK | ||
| 945 | |d 20080626 00:00:00 |a rbrito | ||
| 260 | |a Barcelona |b Paidós |c 2000 | ||
| 650 | 0 | |a Sociedad de la información |9 417579 | |
| 650 | 0 | |a Comunicación |9 257251 | |
| 650 | 0 | |a Medios de comunicación |9 257206 | |
| 650 | 0 | |a Educación |9 258661 | |
| 583 | |a last modification |c 20080626 00:00:00 |k Rodrigo Vera | ||
| 490 | 0 | |a Papeles de Comunicación, 27 | |
| 999 | |c 330634 |d 330632 | ||
| 952 | |0 0 |1 0 |4 0 |6 302_000000000000000_PER_2000 |7 0 |8 A |9 416285 |a BIBEDU |b BIBEDU |d 2019-11-22 |i 4452046 |l 1 |o 302 PER 2000 |p 4452046 |r 2023-08-30 |s 2023-08-30 |w 2019-11-22 |y BK |k LIT | ||